01989nam a2200301 a 4500001001000000005001700010008004100027041000800068044000800076084002000084100004500104245012900149260004100278300001700319500067200336500018801008500007301196500001001269546002401279650005201303650005601355650003401411650004501445700005201490700003701542700005801579740005001637BRCA_333220190320204228.0240309s1881----enk#---###---#000-0#eng-# aeng aenk a626b.K44c18811 aCervantes Saavedra, Miguel ded1547-161610aThe Ingenious Knight Don Quixote de la ManchacComposed by Miguel de Cervantes Saavedra. Dedicated to the Duke de Béjar... aLondresbC. Kegan Paul and Co.c1881 a3 v.c23 cm. aContenido : v.1. Primera parte. Vida de Cervantes. Advertencia sobre esta y otras traducciones, sobre las mujeres cervantinas, sobre los libros de caballería. Noticia sobre los nombres propios por le traductor. Dedicatoria y prólogo del autor. Notas sobre el título y sobre el prólogo. Versos preliminares y notas a los mismos. Texto con notas al fin de cada capítulo por Duffield. -- v.2. Texto. Notas al fin de cada capítulo. Segunda parte. Nota del traductor. Dedicatoria y prólogo del autor. Notas al prólogo. Aprobación de Márquez Torres. Notas al fin de cada capítulo. -- v.3. Texto. Notas al fin de cada capítulo. Poesía de G. Chauser aEdición : A New Translation from the Originals of 1605 and 1608 by Alexander James Duffield with some of the Notes of J. Bowle, J. A. Pellicer, D. Clemencín and Other Commentators aEjemplar por completo igual al anterior [625]. Tela Lúdovik Osterc aQM482 aTexto en : inglés14aNovela españolayÉpoca clásica, 1500-170014aLiteratura españolayÉpoca clásica, 1500-170014aNovela españolaySiglo XVII14aDon Quijote (Personaje ficticio)eNovela1 aDuffield, Alexander Jamesd1821-1890eTraductor1 aBowle, Johnd1725-1788eAnotador1 aPellicer y Pilares, Juan Antoniod1738-1806eAnotador0 aEl Ingenioso Hidalgo Don Quijote de la Mancha